Library Banner

Studies in Islamic culture in the Indian environment (Record no. 69948)

MARC details
000 -LEADER
fixed length control field 00409nam a22001457a 4500
005 - DATE AND TIME OF LATEST TRANSACTION
control field 20150416101243.0
008 - FIXED-LENGTH DATA ELEMENTS--GENERAL INFORMATION
fixed length control field 150416b xxu||||| |||| 00| 0 eng d
040 ## - CATALOGING SOURCE
Transcribing agency PK-LaUMT
082 ## - DEWEY DECIMAL CLASSIFICATION NUMBER
Classification number KHC 301.452971054
Item number AZI-S
100 ## - MAIN ENTRY--PERSONAL NAME
Personal name Aziz Ahmad
245 ## - TITLE STATEMENT
Title Studies in Islamic culture in the Indian environment
Statement of responsibility, etc Aziz Ahmad
260 ## - PUBLICATION, DISTRIBUTION, ETC. (IMPRINT)
Place of publication, distribution, etc Karachi
Name of publisher, distributor, etc Oxford University Press
Date of publication, distribution, etc 1964
300 ## - PHYSICAL DESCRIPTION
Extent 311 p.
942 ## - ADDED ENTRY ELEMENTS (KOHA)
Koha item type Books
Holdings
Withdrawn status Lost status Damaged status Home library Current library Date acquired Full call number Barcode Date last seen Price effective from Koha item type
      UMT Main Campus UMT Main Campus 2015-04-16 KHC 301.452971054 AZI-S 69216 2015-04-16 2015-04-16 Books